[Event "Liptovsky Mikulas CupT U20"]
[Site "Liptovsky Mikulas"]
[Date "2013.06.23"]
[Round "4"]
[White "Egyed, Gabor"]
[Black "Jahner, Marius Florin"]
[Result "1/2-1/2"]
[WhiteElo "2050"]
[BlackElo "2069"]
[PlyCount "120"]
[EventDate "2013.06.21"]
[EventType "team-tourn"]
[EventRounds "8"]
[EventCountry "SVK"]
[SourceTitle "EXT 2014"]
[Source "ChessBase"]
[SourceDate "2013.11.20"]
[SourceVersion "1"]
[SourceVersionDate "2013.11.20"]
[SourceQuality "1"]

1. e4 Nf6 2. e5 Nd5 3. c4 Nb6 4. c5 Nd5 5. Bc4 e6 6. d4 b6 7. Bxd5 exd5 8. cxb6 axb6 9. Nc3 d6 10. Nf3 dxe5 11. Bg5 f6 12. Nxe5 fxg5 13. Qh5+ g6 14. Nxg6 hxg6 15. Qxh8 Kf7 16. 0-0 Be6 17. f4 g4 18. f5 Bxf5 19. Rae1 Nc6 20. Qh7+ Bg7 21. Rxf5+ gxf5 22. Qxf5+ Bf6 23. Qe6+ Kg7 24. Qxc6 Bxd4+ 25. Kh1 Bf2 26. Re6 Qg5 27. Qxc7+ Kh8 28. Nxd5 Bc5 29. Nf4 Rf8 30. Rg6 Qe7 31. Qxe7 Bxe7 32. Rxg4 Rc8 33. h4 Bd6 34. Nd3 Rf8 35. Kg1 Kh7 36. h5 Rf5 37. Rg6 Rd5 38. Ne1 Bc5+ 39. Kf1 Rxh5 40. Re6 Rh4 41. a3 Bd4 42. b4 Bb2 43. Rxb6 Bxa3 44. Nd3 Rd4 45. Ke2 Rg4 46. Ra6 Bxb4 47. Nxb4 Rxb4 48. Kf3 Kg7 49. g4 Rc4 50. Kg3 Rb4 51. Kh4 Rb5 52. g5 Rb1 53. Ra3 Rh1+ 54. Kg4 Rg1+ 55. Rg3 Rxg3+ 56. Kxg3 Kg6 57. Kg4 Kg7 58. Kh5 Kh7 59. g6+ Kg7 60. Kg5 Kg8 1/2-1/2

[Event "Oberliga Ost-A 0708"]
[Site "Germany"]
[Date "2008.01.19"]
[Round "6.6"]
[White "Jahner, Marius Florin"]
[Black "Kyas, Juergen"]
[Result "0-1"]
[WhiteElo "2045"]
[BlackElo "2227"]
[PlyCount "41"]
[EventDate "2007.09.23"]
[EventType "team-tourn"]
[EventRounds "11"]
[EventCountry "GER"]
[SourceTitle "EXT 2009"]
[Source "ChessBase"]
[SourceDate "2008.11.26"]
[SourceVersion "1"]
[SourceVersionDate "2008.11.26"]
[SourceQuality "1"]
[WhiteTeam "Halle USV II"]
[BlackTeam "Chemnitz"]
[WhiteTeamCountry "GER"]
[BlackTeamCountry "GER"]

1. d4 Nf6 2. Nf3 g6 3. g3 Bg7 4. Bg2 d5 5. 0-0 0-0 6. Ne5 c6 7. c4 Nbd7 8. f4 dxc4 9. Nxc4 Nb6 10. Ne5 Bf5 11. Nc3 Nbd5 12. Re1 Nxc3 13. bxc3 Be4 14. Bxe4 Nxe4 15. Qc2 Qd5 16. Ba3 Rfe8 17. Rad1 b5 18. Nd3 Nxc3 19. Nb4 Qc4 20. Rd3 a5 21. Rxc3 0-1

[Event "GER-ch U18"]
[Site "Willingen"]
[Date "2006.06.09"]
[Round "9"]
[White "Gruenke, Paul"]
[Black "Jahner, Marius Florin"]
[Result "1/2-1/2"]
[WhiteElo "1874"]
[BlackElo "1876"]
[PlyCount "44"]
[EventDate "2006.06.03"]
[EventType "swiss"]
[EventRounds "9"]
[EventCountry "GER"]
[SourceTitle "EXT 2007"]
[Source "ChessBase"]
[SourceDate "2006.11.23"]
[SourceVersion "1"]
[SourceVersionDate "2006.11.23"]
[SourceQuality "1"]

1. e4 e6 2. Nf3 d5 3. e5 c5 4. b4 cxb4 5. a3 Nc6 6. axb4 Bxb4 7. c3 Be7 8. d4 f6 9. Bd3 fxe5 10. dxe5 Qc7 11. Qe2 Bc5 12. Ba3 b6 13. 0-0 Nge7 14. Bxc5 bxc5 15. Na3 0-0 16. Nb5 Qd8 17. Bxh7+ Kxh7 18. Ng5+ Kh6 19. f4 Rf5 20. Nd6 Qg8 21. Qg4 g6 22. Rf3 Kg7 1/2-1/2

[Event "GER-ch U18"]
[Site "Willingen"]
[Date "2006.06.07"]
[Round "7"]
[White "Jahner, Marius Florin"]
[Black "Cara, Bogdan"]
[Result "0-1"]
[WhiteElo "1876"]
[BlackElo "2027"]
[PlyCount "49"]
[EventDate "2006.06.03"]
[EventType "swiss"]
[EventRounds "9"]
[EventCountry "GER"]
[SourceTitle "EXT 2007"]
[Source "ChessBase"]
[SourceDate "2006.11.23"]
[SourceVersion "1"]
[SourceVersionDate "2006.11.23"]
[SourceQuality "1"]

1. d4 f5 2. e4 fxe4 3. Nc3 Nf6 4. Bg5 c6 5. Bxf6 exf6 6. Nxe4 d5 7. Ng3 Bd6 8. Bd3 Be6 9. Qd2 Nd7 10. 0-0-0 Qc7 11. N1e2 g6 12. Rhe1 0-0-0 13. Kb1 Kb8 14. Rc1 Qb6 15. Ka1 c5 16. Nf4 Bf7 17. c4 cxd4 18. Nxd5 Bxd5 19. cxd5 Ne5 20. a3 Qb3 21. Be4 f5 22. Qxd4 fxe4 23. Nxe4 Qd3 24. Qa4 Nf7 25. Rc6 0-1

[Event "GER-ch U18"]
[Site "Willingen"]
[Date "2006.06.06"]
[Round "5"]
[White "Jahner, Marius Florin"]
[Black "Siebarth, Raiko"]
[Result "0-1"]
[WhiteElo "1876"]
[BlackElo "2185"]
[PlyCount "106"]
[EventDate "2006.06.03"]
[EventType "swiss"]
[EventRounds "9"]
[EventCountry "GER"]
[SourceTitle "EXT 2007"]
[Source "ChessBase"]
[SourceDate "2006.11.23"]
[SourceVersion "1"]
[SourceVersionDate "2006.11.23"]
[SourceQuality "1"]

1. d4 Nf6 2. c4 g6 3. Nc3 Bg7 4. e4 d6 5. f3 0-0 6. Be3 a6 7. Qd2 Nbd7 8. Nge2 c5 9. dxc5 dxc5 10. Rd1 Qc7 11. Nf4 e6 12. Nd3 Qc6 13. Qf2 b6 14. Be2 Ne8 15. f4 Bb7 16. Bf3 Qc7 17. e5 f6 18. exf6 Nexf6 19. 0-0 Rae8 20. h3 e5 21. fxe5 Nxe5 22. Nxe5 Qxe5 23. Rfe1 Bxf3 24. Qxf3 Ne4 25. Qxe4 Qxe4 26. Nxe4 Rxe4 27. b3 Bc3 28. Bd2 Bd4+ 29. Kh2 Rxe1 30. Bxe1 Rf1 31. g4 Kf7 32. Kg2 Rg1+ 33. Kf3 Ke6 34. a3 a5 35. a4 g5 36. Rc1 Be5 37. Rd1 Bc3 38. Kf2 Rxe1 39. Rxe1+ Bxe1+ 40. Kxe1 Ke5 41. Ke2 Ke4 42. Kf2 Kd3 43. Kf3 h6 44. Kf2 Kc3 45. Ke3 Kxb3 46. Ke4 Kxc4 47. Kf5 Kb4 48. Kg6 c4 49. Kxh6 c3 50. Kxg5 c2 51. h4 c1Q+ 52. Kg6 Qc4 53. g5 Qxh4 0-1